000 01045nam a2200241Ia 4500
001 8847
003 GE_BSU
008 181216s||||||||xx |||||||||||||| ||und||
040 _cGE_BSU
080 _a821.353.1-32+821.353.1-31
100 _aკანდელაკი,ნანა
245 _aამაყი გული, მღელვარე ზაფხული,თოფის ხმა გათენებისას
245 _bმოთხრობები,რომანი
245 _cრედ:თ.აბულაძე,მხატვ:რ.მახარაძე
260 _aთბილისი
260 _bსაბჭოთა საქართველო
260 _c1979
300 _a348გვ,21სმ
300 _bმე-2 გამომცემლობა
653 _aამაყი გული, მღელვარე ზაფხული,თოფის ხმა გათენებისას
653 _aმოთხრობები,რომანი
942 _cBK
999 _c42154
_d42154